Countries Most Searched for by Americans - Statistics

General Stats
  • This quiz has been taken 1,180 times
    137 since last reset
  • The average score is 17 of 20
Answer Stats
Answer Relative Search Interest % Correct
1. Mexico 64
100%
6. China 31
99%
11. Russia 20
98%
4. Canada 34
97%
3. UK 35
97%
2. Japan 38
96%
13. Spain 18
94%
15. Brazil 14
93%
7. France 26
93%
9. Germany 23
93%
8. Italy 23
93%
5. India 33
91%
12. Australia 19
89%
18. Ukraine 13
80%
16. Iran 13
78%
10. Israel 22
73%
19. Greece 12
71%
14. Colombia 15
61%
20. Vietnam 11
54%
17. Philippines 13
43%
No matching quizzes found
Score Distribution
Percent of People with Each Score
Percentile by Number Answered
Your Score History
You have not taken this quiz since the last reset